[Event "Portugal Open 2018"]
[Site "Lisboa POR"]
[Date "2018.02.06"]
[Round "6.99"]
[White "Machado, Tomás"]
[Black "Moreira, Simao Chaves"]
[Result "1-0"]
[WhiteElo "1852"]
[BlackElo "1490"]
[WhiteFideId "1946838"]
[BlackFideId "1939351"]
[WhiteCountry "POR"]
[BlackCountry "POR"]
[PlyCount "85"]
[EventDate "2018.??.??"]

1. e4 e5 2. Nf3 Nc6 3. d4 exd4 4. c3 d5 5. Nxd4 Bc5 6. Nxc6 bxc6 7. exd5 cxd5 8.
Bb5+ Bd7 9. Qxd5 Bxb5 10. Qxc5 Qd3 11. Qe3+ Kd7 12. Qxd3+ Bxd3 13. Na3 Re8+ 14.
Be3 Kc6 15. O-O-O Be4 16. Rd4 f5 17. Rhd1 Nf6 18. Rc4+ Kb7 19. Rb4+ Ka8 20. Nb5
Re7 21. Bc5 Rf7 22. f3 Bc6 23. Nxa7 Nd5 24. Nxc6 Nxb4 25. Bxb4 Re8 26. Ne7 Rf6
27. Rd5 g6 28. Kd2 Re6 29. c4 Kb8 30. g3 Kb7 31. Kd3 Rb6 32. Ba3 Re6 33. f4 Ka6
34. Re5 Rd8+ 35. Nd5 Rxe5 36. fxe5 c6 37. Kd4 cxd5 38. cxd5 Kb6 39. e6 Kb5 40.
Ke5 Kb6 41. e7 Re8 42. d6 Kc6 43. Ke6 1-0

[Event "Portugal Open 2018"]
[Site "Lisboa POR"]
[Date "2018.02.06"]
[Round "6.100"]
[White "Baumgartner, Christopher"]
[Black "Fortunato, António"]
[Result "1-0"]
[WhiteElo "1809"]
[BlackElo "1651"]
[WhiteFideId "2022087"]
[BlackFideId "1941810"]
[WhiteCountry "USA"]
[BlackCountry "POR"]
[PlyCount "69"]
[EventDate "2018.??.??"]

1. e4 e6 2. Nf3 g6 3. d4 d5 4. Nc3 dxe4 5. Nxe4 Bg7 6. Be2 Ne7 7. Bg5 Nd7 8. Qd2
O-O 9. c3 a6 10. Bd3 Re8 11. Ne5 Rf8 12. Nxd7 Bxd7 13. Nf6+ Kh8 14. h4 Nf5 15.
Nxh7 f6 16. Nxf8 Qxf8 17. g4 Re8 18. O-O-O Bc6 19. gxf5 Bxh1 20. Rxh1 gxf5 21.
Be3 Kh7 22. Qe2 Qf7 23. h5 Rg8 24. Rg1 Re8 25. Qg4 Kh8 26. Qg6 Qg8 27. h6 Re7
28. hxg7+ Qxg7 29. Qxg7+ Rxg7 30. Rxg7 Kxg7 31. f4 c6 32. c4 Kf7 33. c5 Kg6 34.
Be2 Kf7 35. b4 1-0

[Event "Portugal Open 2018"]
[Site "Lisboa POR"]
[Date "2018.02.06"]
[Round "6.101"]
[White "Pérez Bolanos, Joel"]
[Black "Spínola, Sidney"]
[Result "1-0"]
[WhiteElo "1628"]
[BlackElo "1750"]
[WhiteFideId "24564419"]
[BlackFideId "1950720"]
[WhiteCountry "ESP"]
[BlackCountry "CPV"]
[PlyCount "51"]
[EventDate "2018.??.??"]

1. e4 c6 2. d4 d5 3. e5 e6 4. f4 c5 5. c3 Nc6 6. Nf3 Be7 7. Be3 Qb6 8. Bd3 c4 9.
Be2 Qxb2 10. O-O Qxa1 11. Qc2 Bb4 12. cxb4 Nxb4 13. Qa4+ Nc6 14. Qa3 b5 15. Nbd2
b4 16. Qa4 Qc3 17. Qxc6+ Kd8 18. Bf2 Ne7 19. Bh4 Qe3+ 20. Rf2 f6 21. exf6 Nxc6
22. fxg7+ Kc7 23. gxh8=Q c3 24. Qxh7+ Kb6 25. Qd3 Qxf4 26. Qb5+ 1-0

[Event "Portugal Open 2018"]
[Site "Lisboa POR"]
[Date "2018.02.06"]
[Round "6.102"]
[White "Oliveira, Fernando Alves"]
[Black "Calzada Cruz, Osvaldo"]
[Result "0-1"]
[WhiteElo "1604"]
[BlackElo "1745"]
[WhiteFideId "1947869"]
[BlackFideId "3509460"]
[WhiteCountry "POR"]
[BlackCountry "CUB"]
[PlyCount "90"]
[EventDate "2018.??.??"]

1. d4 e6 2. Nf3 Nf6 3. Bf4 d5 4. e3 Bd6 5. Bg3 O-O 6. Bd3 b6 7. Nbd2 Ba6 8. Bxa6
Nxa6 9. Qe2 Nb4 10. Qd1 c5 11. a3 Nc6 12. c3 Rc8 13. Ne5 Bxe5 14. dxe5 Nd7 15.
f4 f6 16. Bh4 Qe8 17. exf6 Nxf6 18. O-O e5 19. f5 d4 20. exd4 exd4 21. Re1 Qd7
22. Re6 dxc3 23. bxc3 Nd8 24. Re5 Nf7 25. Bxf6 gxf6 26. Re6 Ng5 27. Re3 Qxf5 28.
Qb3+ Kh8 29. Rf1 Qd7 30. Nf3 c4 31. Qc2 Rce8 32. Rd1 Qg4 33. Nxg5 Qxg5 34. Rh3
Qc5+ 35. Kh1 Re7 36. Qd2 Rfe8 37. Rf1 Re2 38. Qh6 Qe7 39. Rhf3 Qg7 40. Qh3 Re1
41. Qf5 R1e2 42. g3 Ra2 43. Rf4 Ree2 44. Rh4 Qb7+ 45. Re4 Rxh2+ 0-1

[Event "Portugal Open 2018"]
[Site "Lisboa POR"]
[Date "2018.02.06"]
[Round "6.103"]
[White "Soares, Pedro Pita"]
[Black "Oliveira, António Augusto"]
[Result "0-1"]
[WhiteElo "1713"]
[BlackElo "1617"]
[WhiteFideId "1931725"]
[BlackFideId "1943235"]
[WhiteCountry "POR"]
[BlackCountry "POR"]
[PlyCount "78"]
[EventDate "2018.??.??"]

1. d4 Nf6 2. c4 g6 3. Nf3 Bg7 4. Nc3 d5 5. cxd5 Nxd5 6. e4 Nxc3 7. bxc3 O-O 8.
Be2 c5 9. O-O cxd4 10. cxd4 Nc6 11. Be3 Qa5 12. h3 Rd8 13. Rb1 Qxa2 14. Bb5 Bd7
15. Qb3 Qxb3 16. Rxb3 Na5 17. Rbb1 a6 18. Bd3 b5 19. d5 Rdc8 20. e5 Nc4 21. Bd4
Bh6 22. Rfe1 Nd2 23. Nxd2 Bxd2 24. Re2 Bc3 25. e6 Bxe6 26. Bxc3 Rxc3 27. Be4 Bd7
28. d6 Re8 29. dxe7 Rxe7 30. Rbe1 Be6 31. Bd5 a5 32. Bxe6 fxe6 33. Rxe6 Rxe6 34.
Rxe6 Rc1+ 35. Kh2 b4 36. Re8+ Kg7 37. Ra8 b3 38. Rxa5 b2 39. Rb5 b1=Q 0-1

[Event "Portugal Open 2018"]
[Site "Lisboa POR"]
[Date "2018.02.06"]
[Round "6.104"]
[White "Cavadas, José"]
[Black "Billot, Daniel"]
[Result "1-0"]
[WhiteElo "1535"]
[BlackElo "1710"]
[WhiteFideId "1904990"]
[BlackFideId "618004"]
[WhiteCountry "POR"]
[BlackCountry "FRA"]
[PlyCount "99"]
[EventDate "2018.??.??"]

1. d4 Nf6 2. c4 c5 3. d5 b5 4. cxb5 a6 5. bxa6 Bxa6 6. g3 g6 7. b3 d6 8. Bg2
Nbd7 9. Nh3 Bg7 10. Bb2 O-O 11. O-O Qc7 12. Nd2 Rfb8 13. Bc3 Nb6 14. Nf4 Nh5 15.
Bxg7 Nxf4 16. gxf4 Kxg7 17. Re1 Qd7 18. e4 Bc8 19. h3 Qb5 20. Re3 Ra3 21. Nb1
Ra7 22. Nc3 Qb4 23. Qf3 c4 24. Rb1 cxb3 25. Rxb3 Qc5 26. f5 Rab7 27. Bf1 Nc4 28.
Bxc4 Qxc4 29. Rxb7 Rxb7 30. fxg6 hxg6 31. e5 Qd4 32. exd6 exd6 33. Qg3 Rc7 34.
Kh2 Bf5 35. Nb5 Qb6 36. Nxc7 Qxc7 37. a4 Qc5 38. Ra3 Be4 39. Qe3 Qxe3 40. Rxe3
Bf5 41. a5 Bc8 42. Ra3 Kf8 43. a6 Ke7 44. a7 Bb7 45. Rc3 Kd8 46. Rc1 f6 47. f4
Kd7 48. Re1 Kd8 49. h4 Kd7 50. f5 1-0

[Event "Portugal Open 2018"]
[Site "Lisboa POR"]
[Date "2018.02.06"]
[Round "6.105"]
[White "Dias, António"]
[Black "Lages, Duarte"]
[Result "1-0"]
[WhiteElo "1707"]
[BlackElo "1569"]
[WhiteFideId "1928040"]
[BlackFideId "2161680"]
[WhiteCountry "POR"]
[BlackCountry "BRA"]
[PlyCount "49"]
[EventDate "2018.??.??"]

1. d4 Nf6 2. Nc3 d5 3. Bg5 Nbd7 4. f3 c6 5. e4 dxe4 6. fxe4 Qa5 7. Bd2 Qb6 8.
Nf3 e6 9. e5 Nd5 10. Na4 Qc7 11. c4 N5b6 12. Nc3 c5 13. Nb5 Qb8 14. Bf4 a6 15.
Nd6+ Bxd6 16. exd6 O-O 17. Be2 cxd4 18. Qxd4 f6 19. c5 e5 20. Bxe5 fxe5 21. Nxe5
Nxe5 22. Qxe5 Nd7 23. Bc4+ Kh8 24. Qe7 Rf4 25. Rf1 1-0

[Event "Portugal Open 2018"]
[Site "Lisboa POR"]
[Date "2018.02.06"]
[Round "6.106"]
[White "Rodrigues, Tiago Nobre"]
[Black "Santos, Ana P"]
[Result "0-1"]
[WhiteElo "1683"]
[BlackElo "1534"]
[WhiteFideId "1941410"]
[BlackFideId "1921550"]
[WhiteCountry "POR"]
[BlackCountry "POR"]
[PlyCount "48"]
[EventDate "2018.??.??"]

1. d4 d5 2. c4 e6 3. Nc3 Nf6 4. Bg5 c6 5. e3 Be7 6. Nf3 O-O 7. Bd3 Nbd7 8. O-O
Qc7 9. Bf4 Bd6 10. Bxd6 Qxd6 11. h3 h6 12. Qe2 e5 13. dxe5 Nxe5 14. Nxe5 Qxe5
15. Qf3 Be6 16. c5 d4 17. Na4 Bd5 18. exd4 Qxd4 19. Qd1 Kh8 20. Qc2 Nh5 21. Rfd1
Nf4 22. Bf1 Qe5 23. Qc3 Qe4 24. Rd4 Ne2+ 0-1

[Event "Portugal Open 2018"]
[Site "Lisboa POR"]
[Date "2018.02.06"]
[Round "6.108"]
[White "Vedor, Bernardo"]
[Black "Passeiro, Lourenço"]
[Result "0-1"]
[WhiteElo "1662"]
[BlackElo "1362"]
[WhiteFideId "1953540"]
[BlackFideId "1934848"]
[WhiteCountry "POR"]
[BlackCountry "POR"]
[PlyCount "90"]
[EventDate "2018.??.??"]

1. e4 c5 2. Nf3 e6 3. d4 cxd4 4. Nxd4 a6 5. Be3 Qc7 6. Bd3 Nf6 7. O-O Be7 8. c4
O-O 9. Nc3 d6 10. Rc1 Nbd7 11. Be2 b6 12. Qd2 Bb7 13. f3 Rac8 14. Rfd1 Qb8 15.
a3 Rfd8 16. Bf2 Ne5 17. b3 Nc6 18. Nc2 Nd7 19. b4 Nce5 20. Ne3 Nf6 21. f4 Ned7
22. Bf3 Qa8 23. Qd3 h6 24. g3 Kh8 25. h4 a5 26. h5 Kg8 27. Nc2 Qa6 28. Nb5 Nb8
29. Na1 d5 30. cxd5 exd5 31. Rxc8 Rxc8 32. exd5 axb4 33. axb4 Bxb4 34. Nc2 Ba5
35. Qb3 Qa8 36. Nd6 Rc3 37. Qb2 Rxf3 38. Bxb6 Bxb6+ 39. Qxb6 Bxd5 40. Qd8+ Kh7
41. Nf5 Qa7+ 42. Ncd4 Qa2 43. Rf1 Rxf1+ 44. Kxf1 Bc4+ 45. Kg1 Ng4 0-1

[Event "Portugal Open 2018"]
[Site "Lisboa POR"]
[Date "2018.02.06"]
[Round "6.109"]
[White "Pipiras, Filipa"]
[Black "Amaral, Fernando"]
[Result "0-1"]
[WhiteElo "1771"]
[BlackElo "1518"]
[WhiteFideId "1944894"]
[BlackFideId "1931288"]
[WhiteCountry "POR"]
[BlackCountry "POR"]
[PlyCount "124"]
[EventDate "2018.??.??"]

1. d4 Nf6 2. c4 e6 3. Nf3 Bb4+ 4. Nbd2 b6 5. g3 Bb7 6. Bg2 O-O 7. O-O d6 8. a3
Bxd2 9. Qxd2 a5 10. b3 Nbd7 11. Bb2 Qe7 12. Rac1 Rfe8 13. b4 axb4 14. axb4 Ra2
15. c5 Ne4 16. Qc2 bxc5 17. dxc5 Bd5 18. Nd2 f5 19. Nxe4 Bxe4 20. Bxe4 fxe4 21.
Qb1 Rea8 22. Qxe4 d5 23. Qd4 c6 24. Ra1 Qf6 25. Rxa2 Rxa2 26. Ra1 Rxb2 27. Ra8+
Kf7 28. Qxf6+ Kxf6 29. Rd8 Ke7 30. Rg8 Kf7 31. Rd8 Ne5 32. f4 Ng6 33. Rd6 Ne7
34. e4 Rxb4 35. exd5 exd5 36. Rd7 Rc4 37. Ra7 Rxc5 38. Kf2 Rc2+ 39. Ke3 Rxh2 40.
Kd4 Ke6 41. Ra3 Rh3 42. Kc5 h6 43. Rc3 Kd7 44. Ra3 Rh1 45. Ra7+ Ke6 46. f5+ Nxf5
47. Kxc6 Rc1+ 48. Kb5 Nxg3 49. Rxg7 Nf5 50. Rg2 d4 51. Re2+ Kd5 52. Rh2 d3 53.
Rd2 Kd4 54. Rh2 Kc3 55. Kc5 d2 56. Rh3+ Kb2+ 57. Kb4 d1=Q 58. Rh2+ Kb1 59. Rh3
Qd4+ 60. Kb5 Qc5+ 61. Ka4 Rc4+ 62. Kb3 Nd4# 0-1

[Event "Portugal Open 2018"]
[Site "Lisboa POR"]
[Date "2018.02.06"]
[Round "6.110"]
[White "Capamba, Assis"]
[Black "Barros, Luís"]
[Result "1-0"]
[WhiteElo "1442"]
[BlackElo "1831"]
[WhiteFideId "1952609"]
[BlackFideId "23600110"]
[WhiteCountry "ANG"]
[BlackCountry "CPV"]
[PlyCount "101"]
[EventDate "2018.??.??"]

1. e4 d5 2. exd5 Nf6 3. c4 b6 4. g3 Bb7 5. Bg2 e6 6. Nc3 Bb4 7. Qa4+ Nbd7 8.
Qxb4 c5 9. dxc6 Ne5 10. Qa4 O-O 11. cxb7 Nd3+ 12. Ke2 Rb8 13. Qc2 Nc5 14. Qb1
Qd4 15. d3 Rfd8 16. Nf3 Qg4 17. h3 Qg6 18. Ne5 Qh5+ 19. Nf3 Nxd3 20. g4 Qc5 21.
Be3 Qxc4 22. Nd4 e5 23. Qxd3 Qb4 24. Qb5 Qe7 25. Nc6 Qxb7 26. Rhg1 e4 27. g5 a6
28. Nxd8 Rxd8 29. Qxb6 Qc8 30. gxf6 Qc4+ 31. Ke1 Rc8 32. Bxe4 g6 33. Qb7 Qe6 34.
Qxf7+ Qxf7 35. Bd5 Rb8 36. Bxf7+ Kxf7 37. b3 Kxf6 38. Ke2 Re8 39. Rg4 h5 40.
Rf4+ Kg7 41. h4 Rc8 42. Rc1 a5 43. Rd1 g5 44. hxg5 Kg6 45. Rf6+ Kg7 46. Rd7+ Kg8
47. Ra6 h4 48. Bf4 h3 49. Kf1 Kf8 50. Rb6 Kg8 51. Rb8 1-0

[Event "Portugal Open 2018"]
[Site "Lisboa POR"]
[Date "2018.02.06"]
[Round "6.111"]
[White "Coimbra, João"]
[Black "Vera Cruz, Aguinaldo"]
[Result "1-0"]
[WhiteElo "1403"]
[BlackElo "1729"]
[WhiteFideId "1901435"]
[BlackFideId "23600250"]
[WhiteCountry "POR"]
[BlackCountry "CPV"]
[PlyCount "87"]
[EventDate "2018.??.??"]

1. c3 e5 2. d3 Nf6 3. h3 d5 4. Nf3 Nc6 5. Qa4 Bd7 6. Qb3 b6 7. Bg5 Na5 8. Qc2 h6
9. Bh4 Nc6 10. Nbd2 Bd6 11. e4 Be7 12. Bxf6 Bxf6 13. exd5 Ne7 14. c4 O-O 15. Ne4
Ng6 16. g3 Be7 17. O-O-O f5 18. Nc3 Bc5 19. Kb1 c6 20. Bg2 cxd5 21. Nxd5 e4 22.
Ne1 Rb8 23. d4 Be7 24. f3 f4 25. gxf4 exf3 26. Bxf3 Nxf4 27. Nxf4 Rxf4 28. Bd5+
Kh8 29. Ka1 Bf5 30. Qd2 Bg5 31. Qc3 b5 32. Nd3 Rh4 33. Ne5 Qf6 34. Rdf1 Bf4 35.
a3 bxc4 36. Bxc4 Rc8 37. b3 g5 38. b4 Kh7 39. Re1 Qd6 40. Kb2 Be6 41. Qd3+ Kg7
42. Qg6+ Kf8 43. Qf6+ Ke8 44. Bb5+ 1-0

[Event "Portugal Open 2018"]
[Site "Lisboa POR"]
[Date "2018.02.06"]
[Round "6.112"]
[White "Blum, Ulrike"]
[Black "Partoens, Remi"]
[Result "0-1"]
[WhiteElo "1326"]
[BlackElo "1663"]
[WhiteFideId "22238832"]
[BlackFideId "237108"]
[WhiteCountry "ESP"]
[BlackCountry "BEL"]
[PlyCount "62"]
[EventDate "2018.??.??"]

1. c4 e5 2. Nc3 c6 3. Nf3 d6 4. g3 Nf6 5. Bg2 g6 6. O-O Nbd7 7. d3 Bg7 8. b4 O-O
9. a4 Qc7 10. Rb1 Ne8 11. Bb2 f5 12. b5 Nef6 13. Qc2 Nc5 14. d4 exd4 15. Nxd4
Ne6 16. Nf3 f4 17. Ba3 fxg3 18. hxg3 c5 19. Bb2 b6 20. Ng5 Rb8 21. Nd5 Nxd5 22.
Bxd5 Re8 23. Bxg7 Qxg7 24. Qe4 Qf6 25. f4 Kg7 26. Bxe6 Bxe6 27. Nxe6+ Rxe6 28.
Qd3 Rbe8 29. Rbe1 Re3 30. Qc2 Rxg3+ 31. Kf2 Qxf4# 0-1

[Event "Portugal Open 2018"]
[Site "Lisboa POR"]
[Date "2018.02.06"]
[Round "6.113"]
[White "Dias, José"]
[Black "Encarnação, Filipe"]
[Result "1-0"]
[WhiteElo "1660"]
[BlackElo "1398"]
[WhiteFideId "1923943"]
[BlackFideId "1942018"]
[WhiteCountry "POR"]
[BlackCountry "POR"]
[PlyCount "43"]
[EventDate "2018.??.??"]

1. Nf3 d5 2. g3 Nf6 3. Bg2 e6 4. O-O Be7 5. d3 O-O 6. Nbd2 c5 7. Re1 Nc6 8. e4
Qc7 9. Qe2 d4 10. h4 e5 11. Nh2 Bd6 12. Rf1 b6 13. Nc4 Be7 14. a4 h5 15. f4 Ng4
16. f5 Nxh2 17. Kxh2 g6 18. Bh3 Bd7 19. Bh6 Rfe8 20. Qf3 Bf8 21. Bg5 Bg7 22.
fxg6 1-0

[Event "Portugal Open 2018"]
[Site "Lisboa POR"]
[Date "2018.02.06"]
[Round "6.114"]
[White "Pérez Bolanos, David"]
[Black "Costa, Raul"]
[Result "1-0"]
[WhiteElo "1651"]
[BlackElo "1363"]
[WhiteFideId "24564400"]
[BlackFideId "1956868"]
[WhiteCountry "ESP"]
[BlackCountry "POR"]
[PlyCount "66"]
[EventDate "2018.??.??"]

1. d4 d5 2. c4 c6 3. Nc3 Nf6 4. Nf3 e6 5. Bg5 Bb4 6. Qb3 Bxc3+ 7. bxc3 Nbd7 8.
e3 Qa5 9. Nd2 O-O 10. c5 Rb8 11. Bf4 Ra8 12. Bd6 Re8 13. Qb2 e5 14. Nb3 Qa4 15.
Nd2 exd4 16. cxd4 Qa5 17. Bd3 Ne4 18. Bxe4 dxe4 19. O-O b6 20. Qc2 bxc5 21. Nxe4
Ba6 22. Rfd1 cxd4 23. Rxd4 Bb5 24. a4 Nb6 25. Nc3 Rac8 26. Bb4 Qa6 27. Bc5 Red8
28. Rad1 Rxd4 29. Rxd4 Bc4 30. Qd2 Nd5 31. e4 Qa5 32. exd5 cxd5 33. Nxd5 Qxd2
1-0

[Event "Portugal Open 2018"]
[Site "Lisboa POR"]
[Date "2018.02.06"]
[Round "6.115"]
[White "Costa, Fábio"]
[Black "Gaudin, Bruno"]
[Result "1/2-1/2"]
[WhiteElo "1207"]
[BlackElo "1635"]
[WhiteFideId "1961063"]
[BlackFideId "647861"]
[WhiteCountry "POR"]
[BlackCountry "FRA"]
[PlyCount "86"]
[EventDate "2018.??.??"]

1. d4 d6 2. e4 Nf6 3. Bd3 Nc6 4. Nf3 Bg4 5. c3 e6 6. Bg5 Be7 7. Nbd2 Nd7 8. Bxe7
Qxe7 9. O-O a6 10. Qc2 O-O-O 11. b4 d5 12. exd5 exd5 13. b5 Ncb8 14. bxa6 bxa6
15. Rab1 Qd6 16. c4 Be6 17. Rb2 f6 18. Qa4 Nb6 19. Qc2 dxc4 20. Nxc4 Nxc4 21.
Bxc4 Bxc4 22. Qxc4 Qd5 23. Rc1 Qxc4 24. Rxc4 Rd6 25. h3 Rhd8 26. Rd2 R8d7 27.
Kf1 Nc6 28. Ke2 h5 29. g4 hxg4 30. hxg4 g5 31. Kd3 a5 32. Kc3 Nb4 33. a3 Nd5+
34. Kd3 Nf4+ 35. Kc3 Ne6 36. a4 Kb7 37. Kb3 Rd5 38. Kc2 Kb6 39. Kc3 Kb7 40. Rd3
c5 41. Rd2 cxd4+ 42. Nxd4 Nc5 43. f3 Ka6 1/2-1/2

[Event "Portugal Open 2018"]
[Site "Lisboa POR"]
[Date "2018.02.06"]
[Round "6.117"]
[White "Lopes, José Cidreiro"]
[Black "Martins, Domingos"]
[Result "0-1"]
[WhiteElo "1600"]
[BlackElo "1223"]
[WhiteFideId "1904841"]
[BlackFideId "1947389"]
[WhiteCountry "POR"]
[BlackCountry "POR"]
[PlyCount "68"]
[EventDate "2018.??.??"]

1. e4 c5 2. Nf3 d6 3. d4 cxd4 4. Nxd4 Nf6 5. f3 g6 6. Nc3 Bg7 7. Bb5+ Bd7 8. O-O
O-O 9. Be3 a6 10. Bxd7 Nbxd7 11. Qd2 Rc8 12. Bh6 Ne5 13. Bxg7 Kxg7 14. Nd5 e6
15. Nf4 Nc4 16. Qf2 Re8 17. Nd3 Qb6 18. b3 Qa5 19. bxc4 Rxc4 20. Nb3 Qg5 21. h4
Qb5 22. g4 h5 23. Kh1 g5 24. gxh5 Nxh5 25. Rg1 f6 26. hxg5 f5 27. Qh2 Rh8 28.
Kg2 fxe4 29. fxe4 Rxc2+ 30. Nf2 Qe2 31. Qh4 e5 32. Rgd1 Qc4 33. Kf3 Rc3+ 34. Kg4
Qe6# 0-1

[Event "Portugal Open 2018"]
[Site "Lisboa POR"]
[Date "2018.02.06"]
[Round "6.119"]
[White "Ferrante, Filippo"]
[Black "Dong, Fábio"]
[Result "1-0"]
[WhiteElo "1539"]
[BlackElo "1201"]
[WhiteFideId "846457"]
[BlackFideId "1958020"]
[WhiteCountry "ITA"]
[BlackCountry "POR"]
[PlyCount "113"]
[EventDate "2018.??.??"]

1. Nf3 Nf6 2. g3 e6 3. Bg2 c5 4. O-O Nc6 5. c4 Be7 6. Nc3 O-O 7. b3 d5 8. cxd5
Nxd5 9. Qc2 b6 10. Nxd5 exd5 11. Bb2 Bf6 12. Rad1 Bg4 13. h3 Bf5 14. d3 Bg6 15.
e4 dxe4 16. dxe4 Qe7 17. Bxf6 Qxf6 18. Qc4 Rfd8 19. Nh4 Ne5 20. Rxd8+ Rxd8 21.
Qa6 Qe7 22. Nxg6 Nxg6 23. f4 Qd7 24. Qe2 Qd2 25. Qxd2 Rxd2 26. Rf2 Rd3 27. Rf3
Rd2 28. Rf2 Rd3 29. Kh2 Kf8 30. Bf1 Rd4 31. e5 Ke7 32. Bc4 h6 33. Kg2 a5 34. Kf3
Nf8 35. Ke3 f6 36. exf6+ Kxf6 37. Rd2 Rxd2 38. Kxd2 Ne6 39. Bxe6 Kxe6 40. Ke3
Kd5 41. Kd3 b5 42. a3 g6 43. a4 bxa4 44. bxa4 c4+ 45. Kc3 Kc5 46. g4 Kd5 47. f5
gxf5 48. gxf5 Ke5 49. f6 Kxf6 50. Kxc4 Ke5 51. Kb5 Kd5 52. Kb6 Kd6 53. Kxa5 Kc5
54. Ka6 Kb4 55. a5 Kc5 56. Kb7 Kd4 57. a6 1-0

[Event "Portugal Open 2018"]
[Site "Lisboa POR"]
[Date "2018.02.08"]
[Round "7.8"]
[White "Sevian, Samuel"]
[Black "Campora, Daniel"]
[Result "1-0"]
[WhiteElo "2617"]
[BlackElo "2426"]
[WhiteFideId "2040506"]
[BlackFideId "100013"]
[WhiteTitle "GM"]
[BlackTitle "GM"]
[WhiteCountry "USA"]
[BlackCountry "ARG"]
[PlyCount "197"]
[EventDate "2018.??.??"]

1. e4 e5 2. Nf3 Nc6 3. d4 exd4 4. Nxd4 d6 5. Nc3 Nf6 6. Be2 Be7 7. O-O O-O 8.
Be3 Re8 9. f4 Bd7 10. Bf3 Nxd4 11. Bxd4 Bc6 12. g4 h6 13. g5 hxg5 14. fxg5 Nd7
15. h4 Ne5 16. Bg2 Bf8 17. Qd2 g6 18. Rf4 Bg7 19. Raf1 Rf8 20. Bh3 Qe7 21. Rf6
Rae8 22. h5 gxh5 23. Bf5 Bd7 24. Nd5 Qd8 25. Bxd7 Nxd7 26. R6f5 Bxd4+ 27. Qxd4
Re5 28. Kh1 Rxd5 29. Qxd5 Ne5 30. Qxb7 Qb8 31. Qxb8 Rxb8 32. b3 Rb4 33. c4 a5
34. Re1 a4 35. Re3 axb3 36. axb3 Kg7 37. Kg2 Kg6 38. Kg3 Rb7 39. Kh4 Ng4 40.
Ref3 Ne5 41. Rf6+ Kg7 42. Rc3 Ra7 43. Kxh5 Ra1 44. Kh4 Re1 45. Kg3 Rxe4 46. Rf4
Re1 47. Kf2 Rb1 48. Rg3 Rb2+ 49. Kg1 Nd7 50. Rf2 Rb1+ 51. Kg2 Kg6 52. Re2 Nc5
53. Re7 Ne6 54. Re8 Kf5 55. Re7 Rb2+ 56. Kf1 Kf4 57. Rd3 Nxg5 58. Rxc7 f5 59. c5
dxc5 60. Rxc5 Ne4 61. Rc4 Ke5 62. Re3 Kd5 63. Rd3+ Ke5 64. Rb4 f4 65. Rb5+ Kf6
66. Ke1 Ke6 67. Rf3 Kd6 68. Kd1 Nc5 69. Rc3 Ne6 70. Rd3+ Ke7 71. Rf5 Rf2 72. Ke1
Rb2 73. Kd1 Rf2 74. Re5 Ra2 75. Re4 Ra6 76. Ke2 Kf6 77. Rd5 Ra2+ 78. Rd2 Ra6 79.
Rd5 Ra2+ 80. Kd3 Ra6 81. Ree5 Ra1 82. Rf5+ Ke7 83. b4 Rd1+ 84. Kc4 Rc1+ 85. Kb3
Rb1+ 86. Kc3 Rc1+ 87. Kb2 Rc4 88. Kb3 Re4 89. Kc3 Re3+ 90. Rd3 Re1 91. b5 Rb1
92. Kc4 Nc7 93. Rb3 Rc1+ 94. Kd3 Ne6 95. b6 Rd1+ 96. Kc3 Rd8 97. Rb4 Rc8+ 98.
Kd3 Kd6 99. b7 1-0

[Event "Portugal Open 2018"]
[Site "Lisboa POR"]
[Date "2018.02.08"]
[Round "7.19"]
[White "Borsos, Bogdan"]
[Black "Nevednichy, Vladislav"]
[Result "0-1"]
[WhiteElo "2301"]
[BlackElo "2551"]
[WhiteFideId "14100568"]
[BlackFideId "1205730"]
[WhiteTitle "IM"]
[BlackTitle "GM"]
[WhiteCountry "UKR"]
[BlackCountry "ROU"]
[PlyCount "54"]
[EventDate "2018.??.??"]

1. d4 Nf6 2. Bf4 d5 3. e3 e6 4. c4 c5 5. dxc5 Bxc5 6. Nf3 Nc6 7. Nc3 O-O 8. cxd5
Nxd5 9. Nxd5 exd5 10. Bd3 Bb4+ 11. Ke2 Qf6 12. Qb1 Bg4 13. h3 Bxf3+ 14. gxf3
Rfe8 15. Kf1 g6 16. h4 Bf8 17. Rh3 d4 18. h5 dxe3 19. Bxe3 Bg7 20. hxg6 hxg6 21.
a3 Ne5 22. Bb5 Re7 23. Qd1 a6 24. Be2 Nc6 25. Rb1 Rd8 26. Qa4 Qe6 27. Ke1 Qf6
0-1

[Event "Portugal Open 2018"]
[Site "Lisboa POR"]
[Date "2018.02.07"]
[Round "7.33"]
[White "Cabello Aguilar, Enrique"]
[Black "Colijn, Stefan"]
[Result "0-1"]
[WhiteElo "2015"]
[BlackElo "2311"]
[WhiteFideId "2231115"]
[BlackFideId "1016199"]
[BlackTitle "FM"]
[WhiteCountry "ESP"]
[BlackCountry "NED"]
[PlyCount "73"]
[EventDate "2018.??.??"]

1. d4 d5 2. c4 dxc4 3. e3 e5 4. Bxc4 exd4 5. exd4 Nf6 6. Nf3 Bd6 7. O-O O-O 8.
h3 Nc6 9. Nc3 h6 10. Be3 Bf5 11. Rc1 a6 12. a3 Qd7 13. Re1 Rfe8 14. b4 Rad8 15.
Bf1 Ne7 16. Ne5 Qc8 17. Qf3 Nd7 18. Nxf7 Kxf7 19. g4 Nf6 20. gxf5 Nxf5 21. Bg2
c6 22. Qd1 Nh4 23. Qb3+ Kf8 24. d5 Qf5 25. Qb1 Qxb1 26. Rxb1 Nxg2 27. Kxg2 Be5
28. Na4 Nxd5 29. Bc5+ Kf7 30. Rb3 Nf4+ 31. Kf1 b5 32. Nb6 Rd3 33. Rxd3 Nxd3 34.
Re3 Nxc5 35. bxc5 Bd4 36. Rf3+ Ke6 37. Rg3 0-1

[Event "Portugal Open 2018"]
[Site "Lisboa POR"]
[Date "2018.02.07"]
[Round "7.34"]
[White "Risting, Eivind Olav"]
[Black "Gorny, Michael"]
[Result "1/2-1/2"]
[WhiteElo "2308"]
[BlackElo "1836"]
[WhiteFideId "1517333"]
[BlackFideId "12953628"]
[WhiteTitle "FM"]
[WhiteCountry "NOR"]
[BlackCountry "GER"]
[PlyCount "116"]
[EventDate "2018.??.??"]

1. d4 Nf6 2. Bg5 c5 3. d5 Ne4 4. Bf4 e6 5. f3 Bd6 6. Bxd6 Nxd6 7. e4 b5 8. dxe6
dxe6 9. Nc3 a6 10. Qd2 Ra7 11. Qf2 Rc7 12. Rd1 f6 13. Nh3 Qe7 14. Be2 Nf7 15.
Nf4 Bb7 16. Qg3 Ne5 17. O-O O-O 18. Rd2 Rd7 19. Rfd1 Rxd2 20. Rxd2 Nbd7 21. Rd1
Nb6 22. Qf2 Nc6 23. Nd3 Nd7 24. Bf1 Rd8 25. b3 Rc8 26. Ne2 g6 27. h4 Kg7 28. g3
Rf8 29. Ndf4 Nde5 30. Bg2 Kh8 31. Qe3 Rg8 32. Bh3 Rd8 33. Rxd8+ Nxd8 34. Kf2 Qd6
35. Nd3 Nxd3+ 36. Qxd3 Qxd3 37. cxd3 e5 38. f4 Kg7 39. Ke3 Kf7 40. Ng1 Ke7 41.
Nf3 Nc6 42. fxe5 fxe5 43. Kd2 h6 44. Bg4 Kf6 45. Bd7 Nd4 46. Ne1 Bc6 47. Bxc6
Nxc6 48. Nc2 g5 49. Ne3 gxh4 50. gxh4 Kg6 51. Nd5 a5 52. Nc7 Nd4 53. Na6 Ne6 54.
Nb8 Kh5 55. Nc6 Kxh4 56. Nxa5 Kg3 57. Nc6 Kf4 58. Ne7 Kg5 1/2-1/2

[Event "Portugal Open 2018"]
[Site "Lisboa POR"]
[Date "2018.02.07"]
[Round "7.35"]
[White "Veiga, Francisco"]
[Black "Romano, João"]
[Result "0-1"]
[WhiteElo "2320"]
[BlackElo "1961"]
[WhiteFideId "1930087"]
[BlackFideId "1938541"]
[WhiteTitle "FM"]
[WhiteCountry "POR"]
[BlackCountry "POR"]
[PlyCount "144"]
[EventDate "2018.??.??"]

1. e4 e5 2. Nf3 Nc6 3. Bb5 Nf6 4. d3 Bc5 5. O-O Nd4 6. Nxd4 Bxd4 7. c3 Bb6 8.
Nd2 c6 9. Ba4 O-O 10. Re1 d6 11. Nc4 Bc7 12. Bc2 h6 13. h3 Re8 14. a4 d5 15. Nd2
a5 16. Qf3 dxe4 17. dxe4 Be6 18. Nf1 Nd7 19. Be3 Qf6 20. Qg3 Bb6 21. Red1 Bxe3
22. Nxe3 Nc5 23. b4 axb4 24. cxb4 Nb3 25. Bxb3 Bxb3 26. Ng4 Qe6 27. Nxh6+ Qxh6
28. Qxb3 Red8 29. b5 Rd4 30. Rxd4 exd4 31. a5 Qd6 32. bxc6 Qxc6 33. f3 Qc5 34.
Qxb7 d3+ 35. Kh1 Rc8 36. Qb2 Qe3 37. a6 d2 38. Kh2 Rc1 39. a7 Qg1+ 40. Kg3 Rxa1
41. Qxd2 Qxa7 42. Qd8+ Kh7 43. Qh4+ Kg6 44. Qg4+ Kf6 45. Qf5+ Ke7 46. Qg5+ Ke8
47. Qxg7 Ra6 48. Qg8+ Ke7 49. Qg5+ Kf8 50. Qd8+ Kg7 51. Kh2 Qb6 52. Qg5+ Qg6 53.
Qe5+ Kh7 54. Qd5 Qd6+ 55. Qxd6 Rxd6 56. g4 Kg6 57. Kg3 Ra6 58. Kf4 f6 59. h4 Ra3
60. Kg3 Kf7 61. Kf2 Ke6 62. f4 Rb3 63. h5 Ra3 64. Kg2 Re3 65. h6 Kf7 66. e5 fxe5
67. f5 e4 68. Kh2 Rf3 69. Kg2 Kg8 70. f6 Rxf6 71. Kg3 e3 72. g5 Rf1 0-1